[Event "Europa Clubs Cup (Frauen)"] 
[Site "Rethymnon (Kreta)"] 
[Date "2003.09.29"]
[Round "2.51"]
[White "Peng, Zhaoqin"]
[Black "Demina, Julia"]
[Result "1/2-1/2"]
[WhiteElo "2438"]
[BlackElo "2335"]
[PlyCount "112"]
[EventDate "2003.09.30"]

1. d4 d5 2. c4 dxc4 3. e3 e6 4. Bxc4 c5 5. Nf3 a6 6. O-O Nf6 7. a4 Nc6 8. Nc3
Be7 9. Qe2 cxd4 10. Rd1 e5 11. exd4 exd4 12. Nxd4 Nxd4 13. Qe5 Qd6 14. Qxd4
Qxd4 15. Rxd4 Bc5 16. Rd1 O-O 17. Bg5 Be6 18. Bxe6 fxe6 19. Bxf6 gxf6 20. Ne4
Rac8 21. Kf1 Bb4 22. Rac1 Rxc1 23. Rxc1 Rf7 24. f4 Kg7 25. Rc4 a5 26. Nc5 Re7
27. Nd3 Bd6 28. g3 Kg6 29. Ke2 h5 30. Kf3 Kf5 31. Nc5 e5 32. Ne4 Bb4 33. h3 Kg6
34. fxe5 Rxe5 35. Rc2 b5 36. b3 bxa4 37. bxa4 Rf5+ 38. Ke3 Rf1 39. Rc6 Kg7 40.
Nc5 Rh1 41. Ne6+ Kg6 42. h4 Rg1 43. Kf3 Bd2 44. Nf8+ Kg7 45. Nd7 Bb4 46. Nc5
Ra1 47. Ne4 Ra3+ 48. Kg2 Be7 49. Rc4 Bb4 50. Rc6 Be7 51. Rc7 Kf8 52. Rc4 Kf7
53. Nc3 Bb4 54. Nd5 Bd6 55. Nf4 Bxf4 56. Rxf4 Kg6 1/2-1/2

[Event "Europa Clubs Cup (Frauen)"] 
[Site "Rethymnon (Kreta)"] 
[Date "2003.09.29"]
[Round "2.53"]
[White "Nepeina-Leconte, Maria"]
[Black "Ubiennykh, Ekaterina"]
[Result "0-1"]
[WhiteElo "2302"]
[BlackElo "2314"]
[PlyCount "80"]
[EventDate "2003.09.30"]

1. e4 e5 2. Nf3 Nc6 3. Nc3 Nf6 4. Bb5 Bb4 5. O-O d6 6. Nd5 Ba5 7. d3 h6 8. c3
Bb6 9. Nxb6 axb6 10. d4 exd4 11. cxd4 O-O 12. d5 Ne7 13. Qc2 Ra5 14. a4 c6 15.
b4 Ra7 16. dxc6 bxc6 17. Bd3 Bg4 18. Nd4 Bd7 19. Bb2 Ng4 20. Be2 Qa8 21. Bxg4
Bxg4 22. Qc3 f6 23. Qg3 Qc8 24. Qxd6 Rd8 25. Qg3 Bh5 26. Rfc1 Qd7 27. e5 fxe5
28. Qxe5 Qd5 29. Qe1 Rd6 30. a5 Ng6 31. axb6 Re7 32. Qf1 Nf4 33. b7 Rxb7 34.
Rc5 Qe4 35. Re1 Qd3 36. Nf5 Be2 37. Rxe2 Nxe2+ 38. Kh1 Qd1 39. Ne3 Qxf1+ 40.
Nxf1 Rd1 0-1

[Event "Europa Clubs Cup (Frauen)"] 
[Site "Rethymnon (Kreta)"] 
[Date "2003.09.29"]
[Round "2.54"]
[White "Kineva, Ekaterina"]
[Black "Trabert, Bettina"]
[Result "0-1"]
[WhiteElo "2210"]
[BlackElo "2227"]
[PlyCount "83"]
[EventDate "2003.09.30"]

1. e4 e5 2. Nf3 Nc6 3. Bc4 Nf6 4. d3 Bc5 5. c3 a6 6. Bb3 Ba7 7. O-O O-O 8. Bg5
h6 9. Bh4 d6 10. Nbd2 Be6 11. a4 Kh8 12. a5 Rg8 13. Nc4 g5 14. Bg3 Ne7 15. Ne3
Qd7 16. Ba4 c6 17. Bc2 Ne8 18. d4 f6 19. h4 g4 20. Nh2 h5 21. Qd2 Rg6 22. f4
gxf3 23. Rxf3 Ng8 24. Kh1 Qg7 25. Nhf1 Nh6 26. Nf5 Bxf5 27. exf5 Rg4 28. dxe5
dxe5 29. Nh2 Rc4 30. Qe2 Rc5 31. Bf2 Rd5 32. Rg3 Ng4 33. Bxa7 Rxa7 34. Nxg4
hxg4 35. Ra4 Qh6 36. Raxg4 Rd2 37. Qc4 Rd5 38. Rg8+ Kh7 39. Rxe8 Qc1+ 40. Kh2
Qxc2 41. Re7+ Kh8 42. Qg4 0-1

[Event "Europa Clubs Cup (Frauen)"] 
[Site "Rethymnon (Kreta)"] 
[Date "2003.09.29"]
[Round "2.61"]
[White "Klinova, Masha"]
[Black "Kovalevskaya, Ekaterina"]
[Result "1/2-1/2"]
[WhiteElo "2388"]
[BlackElo "2443"]
[PlyCount "59"]
[EventDate "2003.09.30"]

1. e4 c5 2. Nf3 e6 3. Be2 Nc6 4. O-O Nf6 5. Nc3 Qc7 6. d4 cxd4 7. Nxd4 a6 8. a4
Bb4 9. Nxc6 dxc6 10. Bd3 e5 11. Bg5 Be7 12. a5 O-O 13. Be3 Be6 14. Na4 c5 15.
Nb6 Rad8 16. Qe2 Nd7 17. Nd5 Bxd5 18. exd5 f5 19. f3 Bd6 20. Kh1 Rde8 21. Bg1
Qd8 22. c4 Qh4 23. Rae1 Qd8 24. Qd2 g6 25. Bc2 Rf7 26. Be3 Qc7 27. Ba4 Rc8 28.
Bg5 Nf6 29. Bc2 Nh5 30. g4 1/2-1/2

[Event "Europa Clubs Cup (Frauen)"] 
[Site "Rethymnon (Kreta)"] 
[Date "2003.09.29"]
[Round "2.62"]
[White "Shumiakina, Tatiana"]
[Black "Zatulovskaya, Tatiana"]
[Result "1/2-1/2"]
[WhiteElo "2293"]
[BlackElo "2108"]
[PlyCount "81"]
[EventDate "2003.09.30"]

1. d4 Nf6 2. c4 g6 3. Nf3 Bg7 4. g3 O-O 5. Bg2 c5 6. d5 d6 7. Nc3 e5 8. O-O Na6
9. Ne1 Nc7 10. Nd3 Rb8 11. a4 a6 12. a5 b5 13. axb6 Rxb6 14. Rb1 Re8 15. e4 Bd7
16. b4 cxb4 17. Nxb4 Qb8 18. Ba3 a5 19. Nd3 Na6 20. Rxb6 Qxb6 21. Qb1 Rb8 22.
Qxb6 Rxb6 23. Rb1 Rxb1+ 24. Nxb1 Ne8 25. Nc3 Bf8 26. c5 Nxc5 27. Bxc5 dxc5 28.
Nxe5 Bg7 29. Nxd7 Bxc3 30. Nxc5 Nd6 31. Na4 Bd4 32. Kf1 f5 33. exf5 gxf5 34.
Ke2 Kg7 35. f4 h5 36. Bf3 Kg6 37. h3 Nb5 38. Kd3 Bf2 39. g4 hxg4 40. hxg4 fxg4
41. Bxg4 1/2-1/2

[Event "Europa Clubs Cup (Frauen)"] 
[Site "Rethymnon (Kreta)"] 
[Date "2003.09.29"]
[Round "2.64"]
[White "Kochetkova, Julia"]
[Black "Srumin, Galina"]
[Result "0-1"]
[WhiteElo "2293"]
[BlackElo "2108"]
[PlyCount "65"]
[EventDate "2003.09.30"]

1. e4 e5 2. Nf3 Nc6 3. Bb5 a6 4. Ba4 Nf6 5. O-O Nxe4 6. d4 b5 7. Bb3 d5 8. dxe5
Be6 9. c3 Nc5 10. Bc2 Bg4 11. Re1 Be7 12. Nbd2 Qd7 13. Nf1 Rd8 14. Ne3 Bh5 15.
b4 Ne6 16. g4 Bg6 17. Nf5 d4 18. Be4 h5 19. h3 hxg4 20. hxg4 Kf8 21. a4 Qe8 22.
axb5 axb5 23. Qb3 dxc3 24. Qxc3 Bxb4 25. Ba3 Bxa3 26. Bxc6 b4 27. Qc4 Bxf5 28.
Bxe8 Bd3 29. Qc6 Rxe8 30. Rad1 Nf4 31. Ng5 Ne2+ 32. Rxe2 Bxe2 33. Rd7 0-1

[Event "Europa Clubs Cup (Frauen)"] 
[Site "Rethymnon (Kreta)"] 
[Date "2003.09.30"]
[Round "3.13"]
[White "Mashinskaya, Iulia"]
[Black "Cheluskina, Irina"]
[Result "1/2-1/2"]
[WhiteElo "2183"]
[BlackElo "2362"]
[PlyCount "183"]
[EventDate "2003.09.30"]

1. d4 Nf6 2. Nc3 d5 3. Bg5 c6 4. e3 g6 5. Nf3 Bg7 6. Bd3 a5 7. O-O Na6 8. Re1
O-O 9. a3 Nc7 10. h3 Ne6 11. Bh4 a4 12. b3 axb3 13. cxb3 Ne8 14. b4 f5 15. Ne2
Nd6 16. Nf4 Ne4 17. Nxe6 Bxe6 18. Ng5 Bd7 19. Nxe4 fxe4 20. Be2 Qe8 21. f4 exf3
22. Bxf3 Rf7 23. Bg4 Bxg4 24. Qxg4 e5 25. Bg3 e4 26. a4 h5 27. Qe2 Qe7 28. Qd2
Bf8 29. b5 Qb4 30. Qxb4 Bxb4 31. Red1 cxb5 32. axb5 Rc8 33. Rac1 Rxc1 34. Rxc1
Bd2 35. Rc8+ Rf8 36. Rxf8+ Kxf8 37. Kf2 Kf7 38. Ke2 Bb4 39. Kd1 Ke6 40. Kc2 Kf5
41. Bc7 g5 42. Kd1 Be7 43. Ke2 g4 44. Kf2 gxh3 45. gxh3 Bg5 46. Ke2 Bh4 47. Ba5
Bg3 48. Bd8 Ke6 49. Ba5 Kd7 50. Bb6 Ke7 51. Ba5 Kf6 52. Bd8+ Kf5 53. Ba5 Bh4
54. Bc7 Ke6 55. Ba5 Kd7 56. Kf1 Bg3 57. Ke2 Bc7 58. Be1 Ke6 59. Bb4 Kf6 60. Kf2
Bd8 61. Ke2 Kg5 62. Be1 Bc7 63. Kf2 Kf5 64. Ke2 Bd8 65. Bb4 Ke6 66. Kf1 Bh4 67.
Ke2 Bg3 68. Ba5 Kf5 69. Kf1 Bh4 70. Ke2 Be7 71. Kf1 Kg5 72. Be1 Ba3 73. Ke2 Bc1
74. Bg3 Ba3 75. Be1 Bd6 76. Kf1 Kf5 77. Ke2 Ke6 78. Ba5 Kd7 79. Kf1 Be7 80. Ke2
Bh4 81. Kf1 Bd8 82. Bb4 Bg5 83. Ke2 Kc7 84. Ba5+ Kd6 85. Bb4+ Ke6 86. Ba5 Be7
87. Kf1 Kf5 88. Ke2 Kg5 89. Be1 Ba3 90. Kf1 Bb2 91. Ke2 Ba3 92. Kf1 1/2-1/2

[Event "Europa Clubs Cup (Frauen)"] 
[Site "Rethymnon (Kreta)"] 
[Date "2003.09.30"]
[Round "3.14"]
[White "Benderac, Ana"]
[Black "Chistiakova, Tamara"]
[Result "1/2-1/2"]
[WhiteElo "2310"]
[BlackElo "2336"]
[PlyCount "57"]
[EventDate "2003.09.30"]

1. d4 d5 2. Bf4 Nf6 3. e3 c6 4. c4 e6 5. Nf3 Be7 6. Nbd2 O-O 7. c5 b6 8. b4 a5
9. a3 Ba6 10. Bxa6 Nxa6 11. Ne5 Qc8 12. Rb1 Nd7 13. Nd3 Nc7 14. Qc1 axb4 15.
Nxb4 Nb5 16. cxb6 Bxb4 17. Rxb4 Nxb6 18. Bd6 Rd8 19. Bc5 Na4 20. Nb1 Nxc5 21.
Qxc5 Nxa3 22. Nxa3 Rxa3 23. O-O Qa8 24. Rfb1 Ra1 25. g3 Rxb1+ 26. Rxb1 Rb8 27.
Rxb8+ Qxb8 28. Qxc6 g6 29. Qc2 1/2-1/2

[Event "Europa Clubs Cup (Frauen)"] 
[Site "Rethymnon (Kreta)"] 
[Date "2003.09.30"]
[Round "3.21"]
[White "Dzagnidze, Nana"]
[Black "Skripchenko, Almira"]
[Result "1-0"]
[WhiteElo "2446"]
[BlackElo "2489"]
[PlyCount "49"]
[EventDate "2003.09.30"]

1. d4 d5 2. Nf3 c5 3. dxc5 Nc6 4. e4 d4 5. c3 e5 6. Bb5 Bxc5 7. Nxe5 Nge7 8.
Nxf7 Qb6 9. Bxc6+ bxc6 10. Nxh8 dxc3 11. O-O cxb2 12. Bxb2 Qxb2 13. Qh5+ g6 14.
Qxc5 Qxa1 15. Nc3 Qb2 16. Qc4 Bg4 17. Nf7 Bh5 18. g4 Qd2 19. Rd1 Qf4 20. Nd6+
Kd7 21. gxh5 gxh5 22. Nf5+ Nd5 23. Rxd5+ cxd5 24. Qxd5+ Kc7 25. Qxa8 1-0

[Event "Europa Clubs Cup (Frauen)"] 
[Site "Rethymnon (Kreta)"] 
[Date "2003.09.30"]
[Round "3.24"]
[White "Smokina, Karolina"]
[Black "Gvetadze, Sopio"]
[Result "0-1"]
[WhiteElo "2242"]
[BlackElo "2287"]
[PlyCount "132"]
[EventDate "2003.09.30"]

1. c4 Nf6 2. Nc3 e6 3. g3 d5 4. Bg2 Be7 5. d3 O-O 6. Bd2 c6 7. Qc2 Nbd7 8. e4
dxc4 9. dxc4 Ne5 10. Bf1 c5 11. f4 Nc6 12. e5 Ng4 13. h3 Nh6 14. O-O-O Nf5 15.
Ne4 Qb6 16. Nf3 Bd7 17. g4 Nfd4 18. Qd3 Nxf3 19. Qxf3 Nd4 20. Qa3 Bc6 21. Bd3
a5 22. Rhf1 a4 23. Be3 Rfd8 24. Nd6 Bxd6 25. Bxd4 cxd4 26. exd6 Be8 27. Be4
Rxd6 28. Bxb7 Ra5 29. Be4 Rc5 30. Bd3 Bb5 31. b4 axb3 32. axb3 Rc8 33. Rf2 Rdd8
34. Qb4 Qa6 35. Rc2 Bc6 36. c5 Qa7 37. Qb6 Qa3+ 38. Kd2 Bf3 39. Rf1 Rb8 40.
Qxd8+ Rxd8 41. Rxf3 Qb4+ 42. Ke2 Rc8 43. Rc4 Qa3 44. c6 Qd6 45. Be4 f5 46. gxf5
exf5 47. Bxf5 Rxc6 48. Rxc6 Qxc6 49. Bd3 Qc1 50. Bc4+ Kh8 51. Kd3 Qa1 52. Ke4
g6 53. Rd3 Kg7 54. Rxd4 Qh1+ 55. Ke5 Qxh3 56. Bd3 h5 57. b4 h4 58. b5 Qe3+ 59.
Be4 h3 60. b6 h2 61. Rd7+ Kh6 62. Rd1 Qxb6 63. f5 Qb2+ 64. Kf4 Qf2+ 65. Ke5
gxf5 66. Rd6+ Kg5 0-1

[Event "Europa Clubs Cup (Frauen)"] 
[Site "Rethymnon (Kreta)"] 
[Date "2003.09.30"]
[Round "3.31"]
[White "Ptacnikova, Lenka"]
[Black "Bojkovic, Natasa"]
[Result "1/2-1/2"]
[WhiteElo "2215"]
[BlackElo "2408"]
[PlyCount "76"]
[EventDate "2003.09.30"]

1. c4 Nf6 2. g3 e6 3. Bg2 d5 4. Nf3 Be7 5. O-O O-O 6. Qc2 c5 7. d4 cxd4 8. Nxd4
Nc6 9. Nxc6 bxc6 10. Rd1 Ba6 11. b3 Qb6 12. Be3 Bc5 13. Bxc5 Qxc5 14. Nd2 Rfd8
15. Rac1 Rac8 16. e3 Qb6 17. Nf3 h6 18. Ne5 c5 19. cxd5 exd5 20. Nd3 d4 21. Bh3
Rc7 22. exd4 Rxd4 23. Ne5 Rxd1+ 24. Rxd1 Re7 25. Nc4 Qc7 26. Qd3 Bxc4 27. Qxc4
Qa5 28. Kg2 Qxa2 29. Qxc5 Re8 30. Qb5 a6 31. Qb6 Qc2 32. Rd8 Rxd8 33. Qxd8+ Kh7
34. Qb6 Qe4+ 35. Kg1 Qe1+ 36. Kg2 Qe4+ 37. Kg1 Qe1+ 38. Kg2 Qe4+ 1/2-1/2

[Event "Europa Clubs Cup (Frauen)"] 
[Site "Rethymnon (Kreta)"] 
[Date "2003.09.30"]
[Round "3.32"]
[White "Prudnikova, Svetlana"]
[Black "Gretarsdottir, Lilja"]
[Result "1-0"]
[WhiteElo "2412"]
[BlackElo "2058"]
[PlyCount "51"]
[EventDate "2003.09.30"]

1. c4 e5 2. g3 Nc6 3. Bg2 g6 4. Nc3 Bg7 5. d3 Nge7 6. e3 d6 7. Nge2 Be6 8. Nd5
O-O 9. O-O Qd7 10. Rb1 Nd8 11. Bd2 c6 12. Nxe7+ Qxe7 13. Nc3 f5 14. f4 Qf7 15.
b3 Bd7 16. Ne2 Ne6 17. Bb4 c5 18. Ba3 Bc6 19. Bxc6 bxc6 20. b4 cxb4 21. Bxb4 c5
22. Ba3 g5 23. fxg5 Qg6 24. Nc3 Nxg5 25. Nd5 e4 26. Ne7+ 1-0

[Event "Europa Clubs Cup (Frauen)"] 
[Site "Rethymnon (Kreta)"] 
[Date "2003.09.30"]
[Round "3.33"]
[White "Thorgrimsdottir, Anna Bjorg"]
[Black "Gaponenko, Inna"]
[Result "0-1"]
[WhiteElo "2000"]
[BlackElo "2399"]
[PlyCount "69"]
[EventDate "2003.09.30"]

1. e4 c5 2. Nf3 Nc6 3. d4 cxd4 4. Nxd4 g6 5. g3 Bg7 6. Ne2 d6 7. Bg2 h5 8. Nbc3
h4 9. f4 Qa5 10. Qd5 Be6 11. Qxa5 Nxa5 12. b3 Rc8 13. Bb2 Bg4 14. O-O-O h3 15.
Bf1 Nc6 16. Nd5 Bxb2+ 17. Kxb2 Bf3 18. Rg1 Bxe4 19. g4 Bxd5 20. Rxd5 Nf6 21.
Rd3 Nb4 22. Rc3 Rxc3 23. Nxc3 Nbd5 24. g5 Nxc3 25. gxf6 Nd5 26. Bb5+ Kf8 27.
fxe7+ Kxe7 28. Rg4 Kf6 29. Bd3 Nb4 30. Bf1 Nd5 31. Bd3 b6 32. c4 Ne3 33. Rg3
Nf5 34. Rf3 Nd4 35. Rg3 0-1

[Event "Europa Clubs Cup (Frauen)"] 
[Site "Rethymnon (Kreta)"] 
[Date "2003.09.30"]
[Round "3.34"]
[White "Manakova, Maria"]
[Black "Kristinsdottir, Aslaug"]
[Result "1-0"]
[WhiteElo "2365"]
[BlackElo "2000"]
[PlyCount "55"]
[EventDate "2003.09.30"]

1. e4 c5 2. Nf3 d6 3. d4 cxd4 4. Nxd4 a6 5. Nc3 Nc6 6. Be2 Nf6 7. O-O g6 8. Be3
Bd7 9. Nd5 Nxe4 10. Nxc6 Bxc6 11. Bb6 Qc8 12. Nc7+ Kd7 13. Bc4 e6 14. Qg4 d5
15. Nxa8 Qxa8 16. Rad1 f5 17. Qe2 Bd6 18. f3 Ng5 19. Bb3 Qb8 20. h3 Rc8 21. c4
dxc4 22. Bxc4 Bd5 23. Bxd5 exd5 24. Rxd5 Kc6 25. Rfd1 Bh2+ 26. Kh1 Kxb6 27.
Qe3+ Kc6 28. Qc5# 1-0

[Event "Europa Clubs Cup (Frauen)"] 
[Site "Rethymnon (Kreta)"] 
[Date "2003.09.30"]
[Round "3.41"]
[White "Kovalevskaya, Ekaterina"]
[Black "Stepovaia-Dianchenko, Tatiana"]
[Result "1-0"]
[WhiteElo "2443"]
[BlackElo "2372"]
[PlyCount "105"]
[EventDate "2003.09.30"]

1. e4 e5 2. Nf3 Nf6 3. Nxe5 d6 4. Nf3 Nxe4 5. c4 c6 6. Nc3 Nxc3 7. dxc3 Be7 8.
Be2 O-O 9. O-O Nd7 10. Bf4 Nf6 11. Qc2 Nh5 12. Be3 g6 13. Rac1 Qc7 14. Nd4 Ng7
15. Qd2 Ne6 16. Rfe1 a6 17. Bh6 Re8 18. Bg4 Ng7 19. Bf3 c5 20. Nc2 Nf5 21. Ne3
Be6 22. Nxf5 Bxf5 23. Bf4 Bf8 24. Qd5 Rxe1+ 25. Rxe1 Rb8 26. Rd1 Be6 27. Bxd6
Bxd6 28. Qxd6 Qxd6 29. Rxd6 Bxc4 30. b3 Be6 31. Rb6 Rd8 32. h3 Rd2 33. a4 Rb2
34. b4 c4 35. Bxb7 Rc2 36. Bxa6 Rxc3 37. Rc6 Rb3 38. Bxc4 Rb1+ 39. Kh2 Rxb4 40.
Bxe6 fxe6 41. a5 Ra4 42. a6 Kf7 43. Rc7+ Kf6 44. a7 h5 45. Kg3 Kf5 46. Kf3 Ra3+
47. Ke2 Ke4 48. Kd2 g5 49. Kc2 h4 50. Kb2 Ra6 51. Kb3 Kd4 52. Kb4 Ra1 53. Kb5
1-0

[Event "Europa Clubs Cup (Frauen)"] 
[Site "Rethymnon (Kreta)"] 
[Date "2003.09.30"]
[Round "3.43"]
[White "Grabuzova, Tatiana"]
[Black "Stjazhkina, Olga"]
[Result "1-0"]
[WhiteElo "2362"]
[BlackElo "2359"]
[PlyCount "87"]
[EventDate "2003.09.30"]

1. b3 e5 2. Bb2 Nc6 3. e3 d5 4. Bb5 Bd6 5. f4 Qh4+ 6. g3 Qe7 7. Nf3 f6 8. Nc3
Be6 9. O-O Nh6 10. e4 dxe4 11. Nxe4 O-O 12. fxe5 fxe5 13. Nfg5 Bf5 14. Qh5 Bg6
15. Qe2 Kh8 16. Bxc6 bxc6 17. Qc4 Qd7 18. Rae1 Ng8 19. d4 Rxf1+ 20. Rxf1 Re8
21. Rf7 Qc8 22. dxe5 Bxe5 23. Bxe5 Rxe5 24. Qd4 Qe8 25. Rxc7 Nf6 26. Rc8 Qxc8
27. Qxe5 Nxe4 28. Nxe4 h6 29. c4 Kh7 30. Kg2 Qf8 31. Nc5 Qf7 32. a4 Bf5 33. h3
Qg6 34. g4 Bc2 35. b4 Bxa4 36. Ne6 Qf6 37. Qxf6 gxf6 38. Nd4 Kg6 39. Kg3 Kg5
40. h4+ Kg6 41. Kf4 h5 42. gxh5+ Kxh5 43. Kf5 Kxh4 44. Kxf6 {
Finished at move 57 (illegible moves)} 1-0

[Event "Europa Clubs Cup (Frauen)"] 
[Site "Rethymnon (Kreta)"] 
[Date "2003.09.30"]
[Round "3.44"]
[White "Ovod, Evgenija"]
[Black "Kochetkova, Julia"]
[Result "1/2-1/2"]
[WhiteElo "2307"]
[BlackElo "2293"]
[PlyCount "98"]
[EventDate "2003.09.30"]

1. d4 d5 2. c4 e6 3. Nc3 c6 4. Nf3 Nf6 5. Bg5 h6 6. Bxf6 Qxf6 7. e3 Nd7 8. Bd3
g6 9. O-O Bg7 10. b4 dxc4 11. Bxc4 O-O 12. Rc1 e5 13. Bb3 exd4 14. Nxd4 Ne5 15.
h3 Qe7 16. b5 c5 17. Nd5 Qd6 18. Nf3 Rd8 19. Nxe5 Bxe5 20. Qc2 Bd7 21. Qxc5
Qxc5 22. Rxc5 Bd6 23. Nf6+ Kf8 24. Nxd7+ Rxd7 25. Rd5 Ke7 26. f4 Rad8 27. Rfd1
f6 28. Kf2 Bb4 29. Kf3 Rxd5 30. Bxd5 a6 31. Rb1 Rxd5 32. Rxb4 axb5 33. Ke4 Ke6
34. g4 f5+ 35. Kf3 Rc5 36. Rb3 Kd5 37. Rd3+ Ke6 38. e4 fxe4+ 39. Kxe4 Rc2 40.
Rb3 Rc4+ 41. Kd3 Rxf4 42. Rxb5 Rf3+ 43. Ke4 Rxh3 44. Rb6+ Kf7 45. Rxb7+ Kf6 46.
Kf4 Ra3 47. Rb6+ Kf7 48. Rb7+ Kf6 49. Rb6+ Kf7 1/2-1/2

[Event "Europa Clubs Cup (Frauen)"] 
[Site "Rethymnon (Kreta)"] 
[Date "2003.09.30"]
[Round "3.52"]
[White "Jiretorn, Eva"]
[Black "Kryukova, Irina"]
[Result "1/2-1/2"]
[WhiteElo "2146"]
[BlackElo "2317"]
[PlyCount "47"]
[EventDate "2003.09.30"]

1. d4 Nf6 2. c4 e6 3. Nf3 b6 4. g3 Ba6 5. Nbd2 d5 6. Bg2 c6 7. b3 Be7 8. O-O
O-O 9. Ne5 Bb7 10. Bb2 Nbd7 11. e4 dxe4 12. Nxe4 Qc7 13. Qe2 Nxe4 14. Qxe4 Nxe5
15. dxe5 Rad8 16. Rad1 Ba8 17. Qg4 c5 18. Bxa8 Rxa8 19. Rd3 Rfd8 20. Rfd1 Rxd3
21. Rxd3 Rd8 22. Qd1 Rxd3 23. Qxd3 Qd8 24. Qxd8+ 1/2-1/2

[Event "Europa Clubs Cup (Frauen)"] 
[Site "Rethymnon (Kreta)"] 
[Date "2003.09.30"]
[Round "3.53"]
[White "Ubiennykh, Ekaterina"]
[Black "Borisova, Borislava"]
[Result "1-0"]
[WhiteElo "2314"]
[BlackElo "2160"]
[PlyCount "111"]
[EventDate "2003.09.30"]

1. d4 Nf6 2. c4 e6 3. Nc3 Bb4 4. Qc2 Nc6 5. Nf3 d6 6. e3 Bxc3+ 7. Qxc3 Qe7 8.
Be2 O-O 9. O-O e5 10. d5 Nb8 11. b4 Nbd7 12. Bb2 b6 13. Nd2 Re8 14. e4 Nf8 15.
Rfc1 Ng6 16. g3 Ng4 17. c5 bxc5 18. bxc5 Qg5 19. cxd6 cxd6 20. f4 Nxf4 21. gxf4
Qxf4 22. Bxg4 Bxg4 23. Rf1 Qg5 24. Kh1 Rec8 25. Qd3 Qh5 26. Rf2 Rab8 27. Ba3
Rb6 28. Rg1 g6 29. Rfg2 Bd7 30. Rg3 Bb5 31. Qe3 Qh4 32. Rg4 Qf6 33. R4g2 Rc2
34. Rf2 Qh4 35. Qf3 Qe7 36. Rc1 Rxc1+ 37. Bxc1 Rb7 38. Nb3 Qh4 39. Kg1 Rc7 40.
Ba3 Qe7 41. Qf6 Qd7 42. Qh4 Rc3 43. Kg2 Re3 44. Bc1 Re2 45. Bh6 Rxf2+ 46. Kxf2
f5 47. Qf6 Qf7 48. Qxf7+ Kxf7 49. Nd2 Ke7 50. Ke3 Kd7 51. Nf3 f4+ 52. Kd2 Bc4
53. a3 Bf1 54. Ng5 Bg2 55. Ke2 Bh1 56. Kf2 1-0

[Event "Europa Clubs Cup (Frauen)"] 
[Site "Rethymnon (Kreta)"] 
[Date "2003.09.30"]
[Round "3.54"]
[White "Horn, Emilia"]
[Black "Kineva, Ekaterina"]
[Result "0-1"]
[WhiteElo "2000"]
[BlackElo "2210"]
[PlyCount "72"]
[EventDate "2003.09.30"]

1. e4 c5 2. Nf3 d6 3. d4 cxd4 4. Qxd4 Bd7 5. c4 Nc6 6. Qd2 Nf6 7. Nc3 g6 8. Be2
Bg7 9. Rb1 O-O 10. O-O Rc8 11. b3 a6 12. Bb2 Ng4 13. Nd5 Bh6 14. Qc3 Nge5 15.
Nxe5 dxe5 16. Qg3 e6 17. Ne3 Nd4 18. Bd1 Bf4 19. Qh3 Bc6 20. g3 Bxe4 21. Rc1
Qg5 22. Rc3 h5 23. b4 Nf3+ 24. Bxf3 Bxf3 25. Ng2 Bxg2 26. Qxg2 Bd2 27. Bc1 Bxc1
28. Rfxc1 Rc7 29. a3 Rd8 30. Qe4 Rd4 31. Qc2 Rd2 32. Qe4 Rcd7 33. Re1 Rxf2 34.
Kxf2 Qd2+ 35. Re2 Qxc3 36. Qxe5 Qxc4 0-1

[Event "Europa Clubs Cup (Frauen)"] 
[Site "Rethymnon (Kreta)"] 
[Date "2003.09.30"]
[Round "3.63"]
[White "Stefanidi, Maria Anna"]
[Black "Nepeina Leconte, Maria"]
[Result "0-1"]
[WhiteElo "2227"]
[BlackElo "2059"]
[PlyCount "50"]
[EventDate "2003.09.30"]

1. e4 e6 2. d4 d5 3. Nc3 Bb4 4. Nge2 dxe4 5. a3 Be7 6. Nxe4 Nf6 7. N2c3 O-O 8.
Be2 Nc6 9. Be3 Nxe4 10. Nxe4 f5 11. d5 exd5 12. Nc3 d4 13. Bc4+ Kh8 14. Qh5
dxe3 15. fxe3 Ne5 16. Bb3 Ng4 17. Nd5 Nf6 18. Nxf6 Bxf6 19. O-O Qe8 20. Qf3
Bxb2 21. Ra2 Be5 22. c4 Be6 23. Re2 Bd7 24. Bc2 Bc6 25. Qh3 Be4 0-1

[Event "Europa Clubs Cup (Frauen)"] 
[Site "Rethymnon (Kreta)"] 
[Date "2003.09.30"]
[Round "3.64"]
[White "Trabert, Bettina"]
[Black "Markantonaki, Haritomeni"]
[Result "1-0"]
[WhiteElo "2227"]
[BlackElo "2059"]
[PlyCount "77"]
[EventDate "2003.09.30"]

1. e4 e5 2. Nf3 Nc6 3. Nc3 Nf6 4. g3 Bb4 5. Bg2 d6 6. d3 O-O 7. O-O h6 8. h3
Be6 9. a3 Bc5 10. Na4 Bb6 11. Nxb6 axb6 12. Re1 Nh7 13. d4 exd4 14. Nxd4 Nxd4
15. Qxd4 Ng5 16. f4 c5 17. Qd2 Nh7 18. f5 Bc4 19. Qc3 Bb5 20. Bf4 Nf6 21. Rad1
d5 22. exd5 Qc8 23. g4 Nh7 24. Re7 h5 25. d6 hxg4 26. hxg4 Ra4 27. Bxb7 Qd8 28.
Qg3 Re8 29. Rxe8+ Qxe8 30. Re1 Qd8 31. Re7 Rd4 32. Bf3 Bd7 33. Be3 Ra4 34. Bd5
Be8 35. g5 Kf8 36. b3 Rxa3 37. Qe5 Ra2 38. f6 g6 39. d7 1-0

[Event "Europa Clubs Cup (Frauen)"] 
[Site "Rethymnon (Kreta)"] 
[Date "2003.10.01"]
[Round "4.11"]
[White "Matveeva, Svetlana"]
[Black "Dzagnidze, Nana"]
[Result "1/2-1/2"]
[WhiteElo "2478"]
[BlackElo "2446"]
[PlyCount "75"]
[EventDate "2003.09.30"]

1. d4 Nf6 2. c4 e6 3. Nc3 Bb4 4. Qc2 d5 5. cxd5 exd5 6. Bg5 O-O 7. e3 Re8 8. a3
Be7 9. Nf3 c6 10. Bd3 Nbd7 11. O-O h6 12. Bf4 Nf8 13. h3 Ne6 14. Bh2 Ng5 15.
Ne5 Bd6 16. Rad1 Qe7 17. f4 Nge4 18. Bxe4 Nxe4 19. Nxe4 Bf5 20. Qf2 Bxe4 21. f5
Qc7 22. f6 Re6 23. Qg3 Bg6 24. fxg7 Kxg7 25. Qg4 Kh7 26. Rd2 Rg8 27. Rdf2 Rg7
28. Kh1 Qe7 29. Qe2 f6 30. Nxg6 Rxg6 31. Bxd6 Rxd6 32. Qd3 Re6 33. Rf3 Re4 34.
Qd2 Kg7 35. Qf2 h5 36. Rg3 Rg5 37. Rf3 Rg6 38. Rg3 1/2-1/2

[Event "Europa Clubs Cup (Frauen)"] 
[Site "Rethymnon (Kreta)"] 
[Date "2003.10.01"]
[Round "4.13"]
[White "Cheluskina, Irina"]
[Black "Matnadze, Ana"]
[Result "1-0"]
[WhiteElo "2362"]
[BlackElo "2386"]
[PlyCount "181"]
[EventDate "2003.09.30"]

1. g3 Nf6 2. Bg2 d5 3. Nf3 c6 4. O-O Bg4 5. Ne5 Bh5 6. d4 e6 7. c4 Be7 8. Nc3
Nbd7 9. cxd5 cxd5 10. Nd3 Bg6 11. Nf4 a6 12. Nxg6 hxg6 13. e4 dxe4 14. Nxe4 Nd5
15. Nc3 N7f6 16. Bg5 Rh5 17. Bxf6 Nxf6 18. Bxb7 Ra7 19. Bf3 Rf5 20. Rc1 Kf8 21.
Bg2 Kg8 22. Rc2 Qa5 23. a3 Rd7 24. Ne2 Rd8 25. Qc1 Qb5 26. h3 Rh5 27. Nf4 Rh8
28. Rc4 a5 29. Nd3 Nd5 30. a4 Qb6 31. Ne5 Bf6 32. Nc6 Ra8 33. Qc2 Kh7 34. h4
Kg8 35. Rc5 g5 36. hxg5 Bxg5 37. Bxd5 exd5 38. Rxd5 Bf6 39. Rd7 Qa6 40. Rc1 Rf8
41. Qc4 Qa8 42. Qd5 Qe8 43. Ne5 Bxe5 44. dxe5 Rh5 45. Re1 g6 46. Re4 Kg7 47.
Kg2 Rfh8 48. Rf4 Rf8 49. Re4 Rfh8 50. Qd6 Rf5 51. g4 Qa8 52. Qd5 Qg8 53. gxf5
gxf5 54. Rg4+ fxg4 55. e6 Qa8 56. Rxf7+ Kg6 57. Qxa8 Rxa8 58. Rf4 Re8 59. Rxg4+
Kf6 60. Re4 Ke7 61. Re5 Rb8 62. Rxa5 Rxb2 63. Ra6 Rb3 64. f3 Kf6 65. Kg3 Rb4
66. a5 Ra4 67. f4 Ra3+ 68. Kg4 Ra4 69. e7+ Kxe7 70. Kf5 Kf7 71. Ra7+ Kf8 72.
Ke5 Ke8 73. f5 Ra1 74. Ke6 Re1+ 75. Kf6 Ra1 76. Ra8+ Kd7 77. Kf7 Rf1 78. f6 Rf2
79. Ra7+ Kd8 80. Rb7 Ra2 81. Rb5 Re2 82. Rd5+ Kc7 83. Kg6 Rg2+ 84. Rg5 Rf2 85.
f7 Kd7 86. a6 Ke7 87. a7 Rf6+ 88. Kh5 Ra6 89. Rg8 Ra5+ 90. Kh6 Ra6+ 91. Kg7 1-0

[Event "Europa Clubs Cup (Frauen)"] 
[Site "Rethymnon (Kreta)"] 
[Date "2003.10.01"]
[Round "4.14"]
[White "Gvetadze, Sopio"]
[Black "Benderac, Ana"]
[Result "1-0"]
[WhiteElo "2287"]
[BlackElo "2310"]
[PlyCount "41"]
[EventDate "2003.09.30"]

1. e4 e6 2. d4 d5 3. exd5 exd5 4. Nf3 Bd6 5. c4 Qe7+ 6. Be3 Nf6 7. Nc3 O-O 8.
Be2 Bb4 9. O-O Bxc3 10. bxc3 Ne4 11. Qb3 dxc4 12. Bxc4 Nd6 13. Bg5 Qd7 14. Bd3
h6 15. Bf4 Nc6 16. Rad1 Qd8 17. h3 Ne7 18. Rfe1 c6 19. c4 Ndf5 20. Bh2 Qb6 21.
g4 1-0